Quizzes
Events
Quiz Creation
Community
Videos
Private Events
Remove Ads
Sign In
Join for FREE
Feedback
Dark Mode
Quiz Categories
Sports
Geography
Music
Movies
Television
Just For Fun
Miscellaneous
History
Literature
Language
Science
Gaming
Entertainment
Religion
Holiday
For Kids
Quiz Lab
Recent
Popular Today
Quiz Kudos Today
Editor Picks
Curator Picks
Quizzes by...
Day
Popularity
Type
Ratings
Length
Year
Community
Subscriptions
Recent Discussions
Orange Saloon
Badges
Playlists
Quests
Create
Leaderboards
Showdown
Live 5
Trivia Bingo
Activity
Puzzle Library
Sporcle Events
Private Events
Virtual Trivia
Globe League
Become a Host
Pub Owners
SporcleCon
Opinionation
Our Games
Videos
Blog
Mobile Apps
Partnerships
Remove Ads and Go Orange
Feedback
Science
Computer
Plants
Astronomy
Chemistry
Elements
Math
Animal
Physics
Anatomy
Biology
Geology
General Science
Science
Computer
Plants
Astronomy
Chemistry
Elements
Math
Animal
Physics
Anatomy
Biology
Geology
General Science
Random Quiz
Search Sporcle
×
Quiz Lab
Quiz Lab
Science
Physics
Type in answers that appear in a list
Type in answers that appear in a list
Classic
Best Score? Go Orange.
Physics Units (GCSE/A level) Stats
Can you name the singular GCSE/A level Physics Units?
By
Stealthysmirth
4m
28 Questions
1,317 Plays
1,317 Plays
1,317 Plays
Comments
Comments
Give Quiz Kudos
Give Quiz Kudos
-
- Ratings
hide this ad
More Info
Forced Order
Answers have to be entered in order
Answers have to be entered in order
Replay
Link that replays current quiz
Next Quiz
Link to next quiz in quiz playlist
You Got
0%
They Got
Avg Score
74%
Avg Friend Score
Upgrade to see
Score Distribution
Jump to the score distribution portion of the page
Score
0/28
Timer
04:00
0
Plays Today
Measure
Answer
% Correct
Time (Name)
Second
95.3%
Mass (Name)
Kilogram
93.7%
Force/
Weight (Name)
Newton
93.1%
Length (Name)
Metre
89.5%
Energy/
Work (Name)
Joule
88.3%
Power (Name)
Watt
87.8%
Time (Symbol)
s
85.6%
Length (Symbol)
m
84.4%
Mass (Symbol)
kg
84.2%
Force/
Weight (Symbol)
N
83.1%
Voltage/
Potential Difference (Name)
Volt
82.1%
Energy/
Work (Symbol)
J
80.5%
Power (Symbol)
W
79.9%
Current (Symbol)
A
77.4%
Measure
Answer
% Correct
Voltage/
Potential Difference (Symbol)
V
76.7%
Frequency (Name)
Hertz
75.4%
Resistance (Name)
Ohm
75.4%
Current (Name)
Ampere
70.9%
Temperature (Name)
Kelvin
70.8%
Charge (Name)
Coulomb
69.5%
Charge (Symbol)
C
69%
Frequency (Symbol)
Hz
68.7%
Pressure (Name)
Pascal
65.8%
Temperature (Symbol)
K
65.7%
Resistance* (Symbol)
O
63.5%
Pressure (Symbol)
Pa
59%
Rate of decay (Symbol)
Bq
28.9%
Rate of decay (Name)
Becquerel
26.2%
Quiz Playlist
Details
Report
Send in Message
Add To Playlist
More Info:
For each Measure there is it's Name in the left hand column and it's Symbol in the right hand column
Classic:
Type in answers that appear in a list
Forced Order:
Answers have to be entered in order
Last Updated: Feb 16, 2017
Quiz Scoreboard
CHALLENGE
Sign Up to Join the Scoreboard
Show All
Scores
Hide
Comments
May contain spoilers
Recently Published
An Introduction to Baseball
by treessimontrees
Sports
5m
Movies - When Are They Set?
by FPL_Elf
Movies
5m
Popular People in 1961
by mucciniale
History
6m
More to Explore
Quiz From the Vault
Featured Blog Post
Where Did the Easter Bunny Come From?
hide this ad
You Might Also Like...
Tags
Physics Quiz
A-Level
gcse
kilogram
mass
Quantity
SI Units
units
Today's Top Quizzes in Science
Browse Science
hide this ad
Today's Top Quizzes in Physics
Browse Physics
Top Contributed Quizzes in Science
1
Quick Pick: 'CI-CJ' Animals
2
Quick Pick: Radians
3
Elements In Images
4
One Thing in Common: Science
5
One Thing in Common: Science III
6
Count to 60
7
One Thing in Common: Science II
8
One Thing in Common: Animals
9
Square Numbers Scrambled (1-50)
10
Order Up: Organs and Body Systems
Explore More
Trending Topics
Harry Potter
Disney
Marvel
Anime
Crossword
NBA
Kpop
Puzzle
WWE
The Office
Song
NFL
Pokémon
Soccer
Country
hide this ad
More By:
Stealthysmirth
Quiz
Plays
Rating
Category
Featured
Created
Physics Units (GCSE/A level)
1,317
5.00
Science
Oct 21, 2013
Most Common Dutch Words
40
Language
Feb 13, 2023
Go to Creator's Profile
Score Distribution
Quiz Creator Spotlight
Stealthysmirth
Follow
Send a Message
Quizzes Created
-
Created Quiz Play Count
-
More By This Creator
Popular Quizzes Today
1
Find the Countries of Europe - No Outlines Minefield
2
Find the US States - No Outlines Minefield
3
The Countries of the World
4
Popular People in 1961
5
Find the US States
6
US States
7
1-10 Letter E Words III
8
Risky Map Clicking: Biggest States A-Z
More Science Quizzes
Facts about 69
Curator's Pick
Trending Quizzes
Risky Map Clicking: Least Populous States A-Z
1-10 Letter F Words
1-10 Letter G Words
Not Quite an Element Typing Challenge
One Thing in Common: United Kingdom
Recently Updated
Leaping Animals
pecheneg
Reality TV Shows (A-Z)
bhenderson79
Rickey Henderson's Hall of Fame Teammates
pecheneg
Champions League XIs: Arsenal
pecheneg
Quick Pick: Celebrities in WWE's Hall of Fame
aduchscher
A-Z Keypad Blitz II
pecheneg
Multiple Oscar Actors
pecheneg
Mystery Phrase Blitz: Oscar 'Best Actors'
pecheneg
F. Scott Fitzgerald Novels
LTH
Pick 3 Villains
ddd62291
Trending Topics
Marvel
Anime
NBA
Disney
Kpop
Harry Potter
Crossword
Song
Pokémon
Puzzle
NFL
Soccer
The Office
Country
WWE
Your Account Isn't Verified!
In order to create a playlist on Sporcle, you need to verify the email address you used during registration. Go to your
Sporcle Settings
to finish the process.
Report this User
Report this user for behavior that violates our
Community Guidelines
.
Details:
Send Report
Go to the Sporcle.com Mobile Site →
Comments